000 00929nam a2200217Ia 4500
003 OSt
005 20250908125128.0
008 220922b |||||||| |||| 00| 0 hin d
037 _cTB
040 _aARTS
_cARTS
_bhin
041 _2hin
_ahin
084 _aO152,1F70,1 K1
_qAL
100 _aद्विवेदी, हजारी प्रसाद; सिंह, नामवर
_9162999
245 0 _aसंक्षिप्त पृथ्वीराज रासो
246 _aSankṣpunta pṛuthvīrāj rāso
260 _aइलाहाबाद
_b साहित्य भवन प्राइवेट लिमिटेड
_c1961
300 _a231पृ.
_ccm.
650 _aहिन्दी साहित्य
_9156264
942 _h O152,1F70,1 K1
_cTB
_2CC
_n0
999 _c315278
_d315278